Statistics for Most Capped Brazil Internationals

Click here to take the quiz!

General Stats

  • This quiz has been taken 84 times
  • The average score is 18 of 41

Answer Stats

CapsPosYearsPlayer% Correct
98FW1994-2011Ronaldo
97%
77FW2010-2017Neymar
91%
92FW1957-1971Pelé
90%
97FW1999-2013Ronaldinho
90%
125DF1992-2006Roberto Carlos
84%
92MF2002-2016Kaká
83%
142DF1990-2006Cafu
82%
74MF1993-2003Rivaldo
82%
63DF2008-2017Thiago Silva
82%
91GK1995-2006Dida
69%
70FW1987-2005Romário
69%
91MF1987-1998Dunga
60%
105DF2000-2011Lúcio
58%
71MF1976-1986Zico
58%
104GK1988-1998Cláudio Taffarel
53%
60MF1979-1986Sócrates
49%
100FW2003-2017Robinho
48%
75FW1985-1998Bebeto
44%
87GK2004-2014Júlio César
44%
92MF1965-1978Rivelinho
36%
73MF1997-2006Emerson
35%
100DF2006-2017Dani Alves
34%
81MF1964-1982Jairzinho
30%
76DF2003-2014Maicon
29%
81DF1989-2000Aldair
26%
60DF1978-1986Oscar
26%
93MF2001-2010Gilberto Silva
25%
70MF1979-1992Júnior
23%
60MF1990-2002Leonardo
23%
61MF1996-2003Denílson
22%
79DF2001-2010Juan
21%
68MF1952-1962Didi
19%
72DF1985-1995Branco
18%
84MF1995-2006Zé Roberto
17%
64FW1982-1993Careca
16%
70MF1961-1972Gérson
14%
64DF1987-1995Jorginho
9%
75DF1949-1962Nílton Santos
8%
98DF1952-1968Djalma Santos
5%
94GK1953-1969Gilmar
5%
80GK1969-1986Émerson Leão
1%

Score Distribution

Percentile by Number Answered

Percent of People with Each Score

Your Score History

You have not taken this quiz